Comentarios al procedimiento laboral español, Decreto de 4 de julio de 1958. (Record no. 85223)
[ view plain ]
| 000 -LEADER | |
|---|---|
| campo de control de longitud fija | 00469nam a2200157 i 4500 |
| 001 - NÚMERO DE CONTROL | |
| campo de control | 85223 |
| 003 - IDENTIFICADOR DE NÚMERO DE CONTROL | |
| campo de control | ES-MaACL |
| 005 - FECHA Y HORA DE LA ÚLTIMA TRANSACCIÓN | |
| campo de control | 20230906175213.0 |
| 007 - CAMPO FIJO DE DESCRIPCIÓN FÍSICA--INFORMACIÓN GENERAL | |
| campo de control de longitud fija | t| |
| 008 - DATOS DE LONGITUD FIJA--INFORMACIÓN GENERAL | |
| campo de control de longitud fija | 041126s1959 sp ||||1| spa d |
| 100 1# - ENTRADA PRINCIPAL--NOMBRE DE PERSONA | |
| Nombre de persona | Jiménez Asenjo, Luis S. |
| 9 (RLIN) | 66456 |
| 245 10 - MENCIÓN DEL TÍTULO | |
| Título | Comentarios al procedimiento laboral español, Decreto de 4 de julio de 1958. |
| 260 ## - PUBLICACIÓN, DISTRIBUCIÓN, ETC. | |
| Lugar de publicación, distribución, etc. | Barcelona : |
| Nombre del editor, distribuidor, etc. | Acervo, |
| Fecha de publicación, distribución, etc. | [1959] ( |
| Fabricante | Duplex) |
| 300 ## - DESCRIPCIÓN FÍSICA | |
| Extensión | 2 v. ; |
| Dimensiones | 23 cm. |
| 852 ## - LOCALIZACIÓN | |
| Ubicación | ES-MaACL |
| Número de control de estantería | C-16446-7 |
| Sublocalización o colección | R.44494 |
| Estatus retirado | Estado de pérdida | Estado de daño | No para préstamo | Biblioteca de origen | Biblioteca actual | Ubicación en estantería | Fecha de adquisición | Fuente de adquisición | Total de préstamos | Signatura topográfica completa | Código de barras | Visto por última vez | Precio de reemplazo | Tipo de ítem Koha |
|---|---|---|---|---|---|---|---|---|---|---|---|---|---|---|
| Biblioteca del Ateneo de Madrid | Biblioteca del Ateneo de Madrid | Mesetón | 17/01/2008 | C-16446-7 | 1089060 | 23/02/2023 | 23/02/2023 | Libro impreso |
